LEADER 00932nam0-22003371i-450- 001 990000857240403321 005 20001010 010 $a3-540-50619-5 035 $a000085724 035 $aFED01000085724 035 $a(Aleph)000085724FED01 035 $a000085724 100 $a20001010d--------km-y0itay50------ba 101 0 $aita 105 $ay-------001yy 200 1 $aDistance-Regular Graphs$fA.E. Brouwer, A.M. Cohen, A. Neumaier 210 $aBerlin$cSpringer-Verlag$d1989 215 $aXVII, 495 p.$d24 cm 225 1 $a<>Series of Modern Surveys in Mathematics, 18 676 $a005.1 700 1$aBrouwer,$bAndries E.$042266 702 1$aCohen,$bA.M. 702 1$aNeumaier,$bA 801 0$aIT$bUNINA$gRICA$2UNIMARC 901 $aBK 912 $a990000857240403321 952 $a02 53 C 64$b6337$fFINBN 959 $aFINBN 996 $aDistance-Regular Graphs$9349512 997 $aUNINA DB $aING01 LEADER 02162cam0-22006731i-450- 001 990001300980403321 005 20060517124927.0 010 $a0-471-37244-7$bvol. 1 010 $a0-471-01525-3$bvol. 2 010 $a0-471-08703-3$bvol. 3 035 $a000130098 035 $aFED01000130098 035 $a(Aleph)000130098FED01 035 $a000130098 100 $a20001205g19741986km-y0itay50------ba 101 0 $aeng 105 $ay-------001yy 200 1 $aApplied and computational complex analysis$fPeter Henrici 210 $aNew York$cJohn Wiley$d1974-1986 215 $a3 v.$d24 cm 225 1 $aPure and applied mathematics 327 1 $a1.: Power series, integration, conformal mapping, location of zeros$a2.: Special functions, integral transforms, asymptotics, continued fractions$a3.: Discrete Fourier analysis, Cauchy integrals, construction of conformal maps, univalent functions 610 0 $aAnalisi complessa$aFunzioni di una variabile complessa 610 0 $aCalcolo 610 0 $aTeoria delle funzioni di variabile reale 610 0 $aSerie 610 0 $aIntegrazione e differenziazione 610 0 $aTabelle di integrali 610 0 $aTeoria della misura 610 0 $aAnalisi complessa 676 $a515 676 $a517.00 676 $a517.36 676 $a515.9 676 $a519 700 1$aHenrici,$bPeter$01017 801 0$aIT$bUNINA$gRICA$2UNIMARC 901 $aBK 912 $a990001300980403321 952 $aMXIII-B-13$b546$fMAS 952 $aMXIII-B-14$b547$fMAS 952 $aMXIII-A-50$b2650$fMAS 952 $aMXIII-A-51$b548$fMAS 952 $aMXIII-A-105$b784$fMAS 952 $a14-H-10-(1$b16204$fMA1 952 $a14-H-22-(2$b19013$fMA1 952 $a14-117$b10619$fFI1 952 $a10 D III 472$b1540 DIS$fDINEL 952 $a10 D III 474$b1542 DIS$fDINEL 952 $a10 D III 473$b1541 DIS$fDINEL 952 $a02 36 E 24$b2649$fFINBN 952 $a14-117.001$b10574$fFI1 959 $aMA1 959 $aMAS 959 $aFI1 959 $aDINEL 959 $aFINBN 996 $aApplied and computational complex analysis$982306 997 $aUNINA LEADER 03571nam 2200973 a 450 001 9910782162403321 005 20230721032512.0 010 $a0-520-94129-2 010 $a1-281-38569-7 010 $a9786611385699 010 $a1-4356-5376-9 024 7 $a10.1525/9780520941298 035 $a(CKB)1000000000535149 035 $a(EBL)345565 035 $a(OCoLC)437212139 035 $a(SSID)ssj0000138500 035 $a(PQKBManifestationID)11129908 035 $a(PQKBTitleCode)TC0000138500 035 $a(PQKBWorkID)10100474 035 $a(PQKB)10469133 035 $a(StDuBDS)EDZ0000056073 035 $a(MiAaPQ)EBC345565 035 $a(OCoLC)560524137 035 $a(MdBmJHUP)muse30521 035 $a(DE-B1597)519349 035 $a(DE-B1597)9780520941298 035 $a(Au-PeEL)EBL345565 035 $a(CaPaEBR)ebr10229946 035 $a(CaONFJC)MIL138569 035 $a(EXLCZ)991000000000535149 100 $a20070614d2008 ub 0 101 0 $aeng 135 $aur||||||||||| 181 $ctxt 182 $cc 183 $acr 200 10$aDiasporas$b[electronic resource] /$fSte?phane Dufoix ; translated by William Rodarmor ; with a foreword by Roger Waldinger 210 $aBerkeley $cUniversity of California Press$dc2008 215 $a1 online resource (161 p.) 300 $a"Originally published in French as Les diasporas, c2003, Presses Universitaires de France"--T.p. verso. 311 $a0-520-25360-4 311 $a0-520-25359-0 320 $aIncludes bibliographical references (p. 125-136). 327 $aWhat is a diaspora? -- The spaces of dispersion -- Maintaining connections : holding on and letting go -- Managing distance. 330 $aCoined in the third century B.C., the term diaspora has evolved into a buzzword used to describe the migrations of groups as diverse as ethnic populations, religious communities, and even engineers working abroad. This concise book provides a critical introduction to the concept of diaspora, bringing a fresh, synthetic perspective to virtually all aspects of this topic. Stéphane Dufoix incorporates a wealth of case studies-about the Jewish, Armenian, African, Chinese, Greek, and Indian experiences- to illustrate key concepts, give a clear overview on current thinking, and reassess the value of the term for us today. 606 $aEmigration and immigration$xHistory 610 $aafrican diaspora. 610 $aarmenian diaspora. 610 $aarmenian genocide. 610 $acase studies. 610 $achinese diaspora. 610 $adiaspora. 610 $adispersion. 610 $adistance. 610 $adiversity. 610 $aethnic populations. 610 $ageography. 610 $aglobalization. 610 $agreek diaspora. 610 $agroup migration. 610 $ahistorical. 610 $aindian diaspora. 610 $aindigenous territory. 610 $ajewish diaspora. 610 $alongue duree. 610 $amass dispersion. 610 $amigration. 610 $anation state. 610 $apolitical. 610 $apolitics. 610 $areligion. 610 $areligious community. 610 $ascattered population. 610 $atransatlantic slave trade. 615 0$aEmigration and immigration$xHistory. 676 $a304.8 700 $aDufoix$b Ste?phane$01103808 801 0$bMiAaPQ 801 1$bMiAaPQ 801 2$bMiAaPQ 906 $aBOOK 912 $a9910782162403321 996 $aDiasporas$93700558 997 $aUNINA